00920nam a2200241Ia 450000100060000000300090000600800410001504000130005604000130006904100120008210000170009410000290011124501030014024500720024325000110031526000110032626000270033726000490036430000590041350001600047265000150063265000310064776401IT-RoPAU130308s9999 xx 000 0 und d aIT-RoPAU cIT-RoPAU aINGLESE aTurow Joseph gCodice Aut. SPICS: 26560 aLearning to Portray Institutional Power-The Socialization of Creators in Mass Media Organizations bOrganizational Communication: Traditional Themes And New Directions a2a ed. aLONDON bSage Publications B.H. c1985 [1° Ed.:1985 - Ed.Ling.Originale:1985] a"24 p. (prefazione: no ; testo: 24 [pagine: 211-234])" aImparare a Descrivere Il Potere Istituzionale Socializzazione dei creatori dell'organizzazione dei Mass Media risorse e Potere della Comunicazione di Massa aSOCIOLOGIA eCodice materia Spics: 3651